000 00760nam a2200217 a 4500
001 000031680
005 20240530073920.0
008 110321t2010 dr 000 f spa d
020 _z9789945163667
040 _aDO-SdBNP
_bspa
_cBNPHU
082 _aRD863.44
_bJ58a,
100 1 _aJesús Ulerio, Luis Felipe de,
_d1970-
_91334
245 1 4 _aLos amantes de la cabaña :
_buna historia de vida, amor, pasión y muerte /
_cLuis Felipe de Jesús Ulerio.
260 _aSanto Domingo :
_bBúho,
_c2010.
300 _a173 p. ;
_c23 cm.
500 _aIncluye datos biográficos del autor en las solapas.
590 _aInventariado, 2020/BT
650 0 _aNovela dominicana
_9223
650 0 _aLiteratura dominicana.
_967
910 _aValidado. Control de calidad EMS.
999 _c31172
_d31172